000 00994nam a2200277 4500
008
020 _a0443021449 (pbk.)
049 _aMAIN
090 0 _aQP145HAW
100 1 _aHawker, Ross Wilson.
245 1 0 _aNotebook of medical physiology :
_bgastrointestinal : with aspects of total parenteral nutrition : a revision text for candidates for preparing for examination in basic medical sciences, including multiple choice questions /
_cRoss Wilson Hawker.
260 _aEdinburgh ;
_aNew York :
_bChurchill Livngstone,
_c1981.
300 _a246 p. :
_bill. ;
_c22 cm.
500 _aIncludes index
504 _aIncludes bibliographical references
650 0 _aDigestive organs.
650 _aAlimentary canal.
650 _aDigestion.
650 0 _aParenteral feeding.
650 0 _aGastroenterology.
907 _a.b10219572
_b15-11-06
_c13-11-06
003
005 20230123134303.0
040 _cNUST
942 _cBOOKS
_kQP145HAW
999 _c163287
_d163287